| 000 | 00780nam a2200253Ia 4500 | ||
|---|---|---|---|
| 003 | OSt | ||
| 005 | 20220928123952.0 | ||
| 006 | a|||||r|||| 00| 0 | ||
| 007 | ta | ||
| 008 | 220927b |||||||| |||| 00| 0 eng d | ||
| 020 | _c5306.21 | ||
| 024 | _a110533 | ||
| 037 |
_b3255, 31/12/2010, New India Book Agency _cTextual |
||
| 040 |
_aSDCL _cSDCL _beng |
||
| 041 |
_2eng _aeng |
||
| 082 | _aD65152, Q0 | ||
| 100 |
_aHoekstra Jaap _9462799 |
||
| 245 | 0 | _aIntroduction to nanoelectronic single-electron circuit design. | |
| 260 |
_aSingapore _bPan Stanford Publishing _c2010 |
||
| 300 |
_axv,301p. _ccm. |
||
| 650 | _aElectronic Science | ||
| 942 |
_hD65152, Q0 _cTEXL _2CC |
||
| 999 |
_c775763 _d775763 |
||